|
|
|
|
| LEADER |
01233pam a22002898a 4500 |
| 001 |
00020655 |
| 005 |
20171026081023.0 |
| 008 |
110519s1980 ||||||Viesd |
| 041 |
0 |
# |
|a Vie
|
| 082 |
1 |
4 |
|a 530.071
|b PH561PH
|
| 100 |
0 |
# |
|a Nguyễn Văn Đồng
|e chủ biên
|
| 245 |
0 |
0 |
|a Phương pháp giảng dạy vật lý ở trường phổ thông
|b Tài liệu tham khảo
|c Nguyễn Văn Đồng, An Văn Chiêu, Lưu Văn Tạo, Nguyễn Trọng Di
|n T.2
|
| 260 |
# |
# |
|a H.
|b Giáo dục
|c 1980
|
| 300 |
# |
# |
|a 128 tr.
|c 21 cm.
|
| 490 |
# |
# |
|a Sách đại học sư phạm
|
| 650 |
# |
4 |
|a Vật lý
|
| 653 |
# |
# |
|a Phương pháp giảng dạy
|
| 653 |
# |
# |
|a Phổ thông cơ sở
|
| 700 |
0 |
# |
|a An Văn Chiêu
|e biên soạn
|
| 700 |
0 |
# |
|a Lưu Văn Tạo
|e biên soạn
|
| 700 |
0 |
# |
|a Nguyễn Trọng Di
|e biên soạn
|
| 852 |
# |
# |
|b Kho giáo trình
|j KGT.0004848, KGT.0004849, KGT.0004850, KGT.0004851
|
| 852 |
# |
# |
|b Kho mượn
|j KGT.0004848
|
| 852 |
# |
# |
|b Kho đọc
|j KD.0005979
|
| 852 |
# |
# |
|j KD.0005979
|j KGT.0004848
|j KGT.0004850
|j KGT.0004851
|j KGT.0004849
|
| 910 |
0 |
# |
|a nhnam
|d 19/05/2011
|
| 980 |
# |
# |
|a Trung tâm Học liệu Lê Vũ Hùng, Trường Đại học Đồng Tháp
|